Wymień Nazwy Planet I Planet Karłowatych W Układzie Słonecznym - Statystyki

Ogólne statystyki
  • Ten quiz został rozwiązany 50 razy
  • Średni wynik to 11 z 13
Statystyki odpowiedzi
Podpowiedź Nazwa % Poprawnych
Planeta Karłowata Pluton
100%
Planeta Merkury
98%
Planeta Jowisz
95%
Planeta Mars
95%
Planeta Neptun
95%
Planeta Saturn
95%
Planeta Uran
95%
Planeta Wenus
95%
Planeta Ziemia
95%
Planeta Karłowata Ceres
76%
Planeta Karłowata Eris
69%
Planeta Karłowata Makemake
67%
Planeta Karłowata Haumea
57%
Nie znaleziono quizów pasujących do podanych kryteriów
Rozkład punktacji
Procent ludzi z każdym wynikiem
Percentyl według liczby udzielonych odpowiedzi
Twoja historia wyników
Nie rozwiązałeś tego quizu